Bytový komplex Kondomínium

Salvato in:
Dettagli Bibliografici
Autore principale: Bugeľ, Michal (Autore)
Altri autori: Matúšek, Richard (Relatore della tesi)
Natura: Manoscritto Libro
Lingua:slovacco
Pubblicazione: 2015
Soggetti:
Accesso online:http://is.stuba.sk/zp/portal_zp.pl?podrobnosti=109390
https://opac.crzp.sk/?fn=detailBiblioForm&sid=E75B5E22D326BA6A9FA291CFFF20
Tags: Aggiungi Tag
Nessun Tag, puoi essere il primo ad aggiungerne!!

MARC

LEADER 00000ntm a22000003a 4500
001 stuzp53888
003 SK-STU
005 20231011114602.3
007 ta
008 150427s2015----xo-----f-mn---000-0-slo-d
040 |a STU  |b slo 
041 0 |a slo 
100 1 |a Bugeľ, Michal  |u 010270  |4 aut  |U SvF Stavebná fakulta  |T SvF Katedra technológie stavieb  |X 66788  |U V270  |Y 28  |7 A000066788 
242 0 1 |a Apartment complex Condominium  |y eng 
245 1 0 |a Bytový komplex Kondomínium 
260 |c 2015 
650 4 |a technologický projekt  |2 slo 
650 4 |a vegetačná strecha  |2 slo 
650 4 |a drevená terasa  |2 slo 
650 4 |a Apartment complex  |2 eng 
650 4 |a vegetation roof  |2 eng 
650 4 |a wooden terrace  |2 eng 
700 1 |a Matúšek, Richard  |4 ths  |X 17812  |7 A000017812 
856 4 |u http://is.stuba.sk/zp/portal_zp.pl?podrobnosti=109390 
856 4 |u https://opac.crzp.sk/?fn=detailBiblioForm&sid=E75B5E22D326BA6A9FA291CFFF20 
SQL |a stuzp53888  |b DDP  |c SLO  |d Bytový komplex Kondomínium  |e 66788  |f Bugeľ, Michal  |g 010270  |h 17812  |i Matúšek, Richard  |j 20150618  |k 681  |l 01  |m http://is.stuba.sk/zp/portal_zp.pl?podrobnosti=109390  |n I-TS  |o 5.2.8. stavebníctvo